[Event "AUTO-OPEN-3652"]
[Site "http://www.queenalice.com/game.php?id=1460177"]
[Date "2017.1.18"]
[Round "3"]
[White "prrrudenz"]
[Black "polyhedron2"]
[Result "0-1"]
[WhiteElo "1976"]
[BlackElo "2010"]

1. e4 c5 2. Nf3 d6 3. d4 cxd4 4. Nxd4 Nf6 5. Bc4 Qa5+ 6. Bd2 Qe5 7. Nf3 Qxb2 8.
Bc3 Qb6 9. Nbd2 Bg4 10. O-O Nbd7 0-1

[Event "AUTO-INT-3138"]
[Site "http://www.queenalice.com/game.php?id=1461201"]
[Date "2017.1.26"]
[Round "2"]
[White "prrrudenz"]
[Black "silent1"]
[Result "1-0"]
[WhiteElo "2018"]
[BlackElo "1795"]

1. e4 e5 2. Nf3 d6 3. Bc4 Be7 4. h3 Nf6 5. Nc3 h6 6. O-O O-O 7. d3 Nbd7 8. a3
Nb6 9. Ba2 Be6 10. Bxe6 fxe6 11. Qe2 a6 12. Be3 Nbd7 13. Bd2 Nh7 14. Nd1 Ng5 15.
Nxg5 Bxg5 16. Ne3 Bxe3 17. Bxe3 d5 18. Qg4 Qf6 19. exd5 Rae8 20. c3 Qf5 21. dxe6
Qxg4 22. hxg4 Rxe6 23. Rae1 Nf6 24. g5 hxg5 25. Bxg5 Nd7 26. f4 c5 27. f5 Rd6
28. Be7 Rxd3 29. Bxf8 Kxf8 30. Rd1 Rxd1 31. Rxd1 Ke7 32. Kf2 b6 33. Kf3 Nf6 34.
g4 b5 35. g5 Nd7 36. Ke4 Nb6 37. Kxe5 Nc4+ 38. Kf4 Nxb2 39. f6+ gxf6 40. gxf6+
Kxf6 41. Rd6+ Ke7 42. Rxa6 Nd3+ 43. Ke4 Nf2+ 44. Ke5 Nd3+ 45. Kd5 c4 46. Rb6 Kd7
47. Rxb5 Nf4+ 48. Kxc4 Kc6 49. Rf5 Ne2 50. Rf6+ Kc7 51. a4 Ng3 52. a5 Kb7 53.
Kb5 Ne4 54. Rf7+ Kb8 55. Kb6 Kc8 56. a6 1-0

[Event "AUTO-INT-3138"]
[Site "http://www.queenalice.com/game.php?id=1461202"]
[Date "2017.1.26"]
[Round "2"]
[White "silent1"]
[Black "prrrudenz"]
[Result "0-1"]
[WhiteElo "1768"]
[BlackElo "2001"]

1. d4 d5 2. c4 e6 3. Nc3 Nf6 4. e3 Be7 5. Bd3 c6 6. Nf3 Nbd7 7. O-O O-O 8. cxd5
exd5 9. a3 Bd6 10. b4 Re8 11. Bb2 Ne4 12. h3 f5 13. Na4 Ndf6 14. Nc5 b6 15. Nb3
Bd7 16. Nfd2 Rc8 17. Nxe4 fxe4 18. Be2 Rf8 19. Bc3 Bf5 20. a4 Qd7 21. g4 Bg6 22.
b5 c5 23. f3 c4 24. Nd2 Rce8 25. f4 h6 26. h4 Bf7 27. g5 Nh7 28. Bg4 Be6 29.
Bxe6+ Qxe6 30. Rf2 Qh3 31. Nf1 Qxh4 32. Rh2 Qxh2+ 33. Nxh2 hxg5 34. Qh5 Re6 35.
Rf1 Rh6 36. Qg4 gxf4 37. Bd2 f3 38. Rf2 Rff6 39. Qc8+ Nf8 40. Ng4 Rfg6 0-1

[Event "AUTO-INT-3145"]
[Site "http://www.queenalice.com/game.php?id=1462849"]
[Date "2017.2.4"]
[Round "3"]
[White "salvachess"]
[Black "prrrudenz"]
[Result "1-0"]
[WhiteElo "1660"]
[BlackElo "2162"]

1. e4 e6 2. Nf3 d5 3. exd5 exd5 4. d4 Nf6 5. Bg5 Be7 6. Bxf6 Bxf6 7. Bd3 O-O 8.
O-O Bg4 9. Nbd2 Nc6 10. c3 Re8 11. h3 Bh5 12. g4 Bg6 13. Bb5 Qd6 14. Bxc6 Qxc6
15. Re1 Qd6 16. Rxe8+ Rxe8 17. Qa4 c6 18. Qxa7 Qd7 19. Re1 Rxe1+ 20. Nxe1 h5 21.
Qb8+ Kh7 22. Nef3 hxg4 23. hxg4 Qxg4+ 24. Qg3 Qh5 25. b4 Bf5 26. Qh2 Qxh2+ 27.
Kxh2 g5 28. Ne5 Bxe5+ 29. dxe5 Kg6 30. Kg3 1-0

[Event "AUTO-INT-3145"]
[Site "http://www.queenalice.com/game.php?id=1462850"]
[Date "2017.2.4"]
[Round "3"]
[White "prrrudenz"]
[Black "salvachess"]
[Result "0-1"]
[WhiteElo "2185"]
[BlackElo "1630"]

1. e4 e5 2. Nf3 Nc6 3. Bc4 d6 4. h3 Nf6 5. Nc3 Be7 6. a3 O-O 7. d4 exd4 8. Nxd4
Nxd4 9. Qxd4 c5 10. Qe3 Be6 11. Nd5 Bxd5 12. exd5 Qd7 13. O-O b5 14. Ba2 a6 15.
c4 bxc4 16. Bxc4 Qa4 17. b3 Qd7 18. Bb2 Rfe8 19. Qf3 a5 20. a4 g6 21. Bb5 Qf5
22. Qxf5 gxf5 23. Bxe8 Rxe8 24. Bxf6 Bxf6 25. Rfe1 Re5 26. Rxe5 Bxe5 27. Re1 f4
28. Kf1 f6 0-1

[Event "AUTO-ADV-3663"]
[Site "http://www.queenalice.com/game.php?id=1490624"]
[Date "2017.8.18"]
[Round "2"]
[White "prrrudenz"]
[Black "agilulfo"]
[Result "0-1"]
[WhiteElo "1989"]
[BlackElo "1964"]

1. e4 c5 2. Nf3 d6 3. d4 cxd4 4. Nxd4 Nf6 5. Nc3 g6 6. Bc4 Bg7 7. O-O O-O 8. h3
a6 9. a4 Bd7 10. Be3 Nc6 0-1

[Event "AUTO-ADV-3663"]
[Site "http://www.queenalice.com/game.php?id=1490625"]
[Date "2017.8.18"]
[Round "2"]
[White "Artking"]
[Black "prrrudenz"]
[Result "1-0"]
[WhiteElo "2049"]
[BlackElo "2015"]

1. Nf3 d5 2. c4 dxc4 3. Qa4+ Bd7 4. Qxc4 Nf6 5. d4 e6 6. a3 Be7 7. Qc2 O-O 8.
Nc3 Nc6 9. e4 h6 10. Bd3 a6 11. O-O Be8 12. Rd1 Qd7 13. d5 exd5 14. exd5 1-0

[Event "AUTO-ADV-3663"]
[Site "http://www.queenalice.com/game.php?id=1490626"]
[Date "2017.8.18"]
[Round "2"]
[White "prrrudenz"]
[Black "Artking"]
[Result "0-1"]
[WhiteElo "2000"]
[BlackElo "2114"]

1. e4 b6 2. d4 Bb7 3. Nc3 e6 4. Nf3 Nf6 5. Bd3 Bb4 6. Nd2 c5 7. e5 cxd4 8. Ne2
Bxg2 9. Rg1 Bb7 10. exf6 gxf6 11. Nxd4 d5 12. c3 Bc5 13. N2b3 Nd7 14. Be3 Qc7
15. Nxc5 bxc5 16. Nb5 Qxh2 17. Rf1 a6 18. Na3 c4 19. Qf3 cxd3 0-1